00470nam a22001697a 4500003000500000005001700005008004100022020002300063040001400086041000600100082001800106100001800124245007600142260005100218300002100269521001000290322820251027101712.0251027b sa ||||| |||| 00| 0 eng d a9780736970464qpbk aRDAc3228 2E 0a248.8435 SMAL aSmalley, Erin a10 Things a husband needs from his wife: everyday ways to show him love aEugene, OregonbHarvest House Publishersc2017 a205 Pagesc22 cm aAdult